书目信息 |
| 题名: |
木乃伊的故事
|
|
| 作者: | 科瓦尔斯基, 著 ;曹新宇 译 | |
| 分册: | ||
| 出版信息: | 北京 中国电力出版社 2005.04 |
|
| 页数: | 46页 | |
| 开本: | 23cm | |
| 丛书名: | 阅读空间 | |
| 单 册: | ||
| 中图分类: | G634.413 | |
| 科图分类: | ||
| 主题词: | 英语--ying yu--阅读教学--高等学校--对照读物 , 英语--ying yu--阅读教学--高中--对照读物 | |
| 电子资源: | ||
| ISBN: | 7-5083-2690-3 | |
| 000 | 01144cam 2200325 450 | |
| 001 | 0663232007 | |
| 005 | 20060606091621.25 | |
| 010 | @a7-5083-2690-3@dCNY8.90 | |
| 099 | @aCAL 012005083520 | |
| 100 | @a20050711d2005 ekmy0chiy0121 ea | |
| 101 | 2 | @achi@aeng |
| 102 | @aCN@b110000 | |
| 200 | 1 | @a木乃伊的故事@Amu nai yi de gu shi@d= Tales from the crypt@f曹新宇译@zeng |
| 210 | @a北京@c中国电力出版社@d2005.04 | |
| 215 | @a46页@c彩图@d23cm | |
| 225 | 2 | @a阅读空间@Ayue du kong jian@i英汉双语主题阅读 |
| 306 | @a《阅读空间·英汉双语主题阅读》由美国北极星传媒有限公司授权出版。 | |
| 314 | @a责任者Kathiann规范汉译姓: 科瓦尔斯基 | |
| 314 | @a版权页题: 原著Kathiann M. Kowalski等 | |
| 410 | 0 | @12001 @a英汉双语主题阅读 |
| 410 | 0 | @12001 @a阅读空间 |
| 510 | 1 | @aTales from the crypt@zeng |
| 606 | 0 | @a英语@Aying yu@x阅读教学@x高等学校@j对照读物 |
| 606 | 0 | @a英语@Aying yu@x阅读教学@x高中@j对照读物 |
| 690 | @aG634.413@v4 | |
| 701 | 1 | @a科瓦尔斯基,@Ake wa er si ji@bK. M.@g(Kowalski, Kathiann M.)@4著 |
| 702 | 0 | @a曹新宇@Acao xin yu@4译 |
| 801 | 2 | @aCN@bFDU@c20060606 |
| 905 | @dG634.413@eC158 | |
| 906 | @dCNY8.90@n3@r1 | |
| 木乃伊的故事= Tales from the crypt/曹新宇译.-北京:中国电力出版社,2005.04 |
| 46页:彩图;23cm.-(阅读空间.英汉双语主题阅读) |
| ISBN 7-5083-2690-3:CNY8.90 |
| ● |
| 相关链接 |
|
|
|
正题名:木乃伊的故事
索取号:G634.413/C158
 
预约/预借
| 序号 | 登录号 | 条形码 | 馆藏地/架位号 | 状态 | 备注 |
| 1 | 606626 | 206066264 | 社科库409/409社科库 8排3列4层/ [索取号:G634.413/C158] | 在馆 | |
| 2 | 606627 | 206066273 | 社科库409/409社科库 8排3列4层/ [索取号:G634.413/C158] | 在馆 | |
| 3 | 606628 | 206066282 | 社科库409/409社科库 8排3列4层/ [索取号:G634.413/C158] | 在馆 |